Most Common US Last Names Starting With J - Statistics

General Stats
  • This quiz has been taken 442 times
  • The average score is 7 of 13
Answer Stats
# name % Correct
666,125 Jackson
96%
1,857,160 Johnson
95%
233,224 James
93%
1,362,755 Jones
81%
197,212 Jordan
58%
80,030 Joseph
55%
115,540 Jacobs
51%
128,935 Johnston
45%
112,332 Jensen
41%
68,785 Juarez
35%
213,737 Jenkins
31%
87,038 Jennings
30%
157,475 Jimenez
29%
No matching quizzes found
Score Distribution
Percent of People with Each Score
Percentile by Number Answered
Your Score History
You have not taken this quiz